| Record ID | ia:witchweek00jone |
| Source | Internet Archive |
| Download MARC XML | https://archive.org/download/witchweek00jone/witchweek00jone_marc.xml |
| Download MARC binary | https://www.archive.org/download/witchweek00jone/witchweek00jone_meta.mrc |
LEADER: 01592cam 2200421Ia 4500
001 ocm37766569
003 OCoLC
005 20101123163124.0
008 971010t19971982nyu j 000 1 eng d
010 $z 82006074
040 $aOCO$cOCO$dSLC$dLPU$dOCL$dBAKER$dBTCTA$dYDXCP$dFMO
019 $a44556511
020 $a0688155456 (pbk.) :$c$4.95
020 $a9780688155452 (pbk.)
020 $a0606121064 (Turtleback bdg.)
020 $a9780606121064 (Turtleback bdg.)
035 $a(OCoLC)37766569$z(OCoLC)44556511
050 4 $aPZ7.J684$bWj 1997x
082 14 $a[Fic]$221
100 1 $aJones, Diana Wynne.
245 10 $aWitch week /$cby Diana Wynne Jones.
250 $a1st Beech Tree ed.
260 $aNew York :$bBeech Tree,$c1997, c1982.
300 $a213 p. ;$c20 cm.
500 $a"The Chrestomanci quartet"--Cover.
500 $a"A Beech Tree papaerback book"--T.p.
520 $aWhen a teacher at an English boarding school finds a note on his desk accusing someone in the class of being a witch, magical things begin to happen and an Inquisitor is summoned.
650 0 $aWitches$vFiction.
650 1 $aWitchcraft$vFiction.
650 1 $aBoarding schools$vFiction.
650 1 $aSchools$vFiction.
651 1 $aEngland$vFiction.
938 $aBaker & Taylor$bBKTY$c6.99$d5.24$i0688155456$n0003002162$sactive
938 $aBaker and Taylor$bBTCP$nbl 99791655
938 $aBaker & Taylor$bBKTY$c14.09$d.00$i0606121064$n0003025048$sactive
938 $aYBP Library Services$bYANK$n1560901
994 $aZ0$bPMR
948 $hNO HOLDINGS IN PMR - 258 OTHER HOLDINGS